| 000 | 00519nam a2200193Ia 4500 | ||
|---|---|---|---|
| 005 | 20250923144931.0 | ||
| 008 | 008 250917s9999 xx 000 0 eng d | ||
| 037 | _aTextual | ||
| 040 |
_aDSWL _beng _cDSWL |
||
| 041 |
_aeng _2eng |
||
| 084 | _qDSWL | ||
| 100 |
_aSheth, Hansa _9829998 |
||
| 245 | 0 |
_aJuvenile delinquency in an Indian setting _cby Hansa Sheth |
|
| 260 |
_aBombay _bPopular Book Depot |
||
| 365 |
_aINR _b15 |
||
| 925 | _g15 | ||
| 942 | _cTEXL | ||
| 999 |
_c1445138 _d1445138 |
||